000 00404 a2200133 4500
001 ART_12772
005 20260410161733.0
008 260409a
245 1 0 _aLas finanzas en las plataformas políticas
100 1 _aRossi, Rodolfo C.
700 1 _aDominguez, Jorge
700 1 _aLopez Murphy, Ricardo H.
773 0 _tEjecutivos de finanzas
_g- Año 7, Nº 56 (jun. 1989)
_wREV2863
999 _c18022
_d18022